[Event "Oberfranken-ch U14"]
[Site "Schney"]
[Date "2020.01.03"]
[Round "1.6"]
[White "Gorka, Maite"]
[Black "Lindenmayr, Sebastian"]
[Result "1-0"]
[WhiteElo "979"]
[BlackElo "1218"]
[PlyCount "49"]
[EventDate "2020.01.03"]
[EventType "swiss"]
[EventRounds "7"]
[EventCountry "GER"]
[SourceTitle "EXT 2024"]
[Source "ChessBase"]
[SourceDate "2023.10.10"]
[SourceVersion "1"]
[SourceVersionDate "2023.10.10"]
[SourceQuality "1"]

1. e4 e5 2. Nf3 Nc6 3. Bb5 Nge7 4. Nc3 a6 5. Bxc6 Nxc6 6. d3 Bb4 7. Bd2 0-0 8. 0-0 Bxc3 9. Bxc3 d6 10. d4 exd4 11. Nxd4 Nxd4 12. Qxd4 f6 13. f4 c6 14. e5 dxe5 15. fxe5 Qxd4+ 16. Bxd4 fxe5 17. Bxe5 Rxf1+ 18. Rxf1 Be6 19. Rf3 Bxa2 20. Rg3 g6 21. Rd3 Re8 22. Bc3 Rf8 23. Rd7 Bc4 24. Rg7+ Kh8 25. Rxg6+ 1-0